000 00736nam a2200289Ia 4500
005 20260324112622.0
008 008 260324s9999 xx 000 0 eng d
020 _a9781003491934
037 _aEBOOK
040 _aCRL
040 _beng
040 _cCRL
041 _2eng
041 _aeng
084 _qCRL
100 _aStefano Tempesta
_91143454
245 0 _aApplication Architecture Patterns for Web 3.0
245 0 _bDesign Patterns and Use Cases for Modern and Secure Web3 Applications
260 _bTaylor and Francis
260 _c2024
365 _a
365 _b220
856 _uhttp://www.taylorfrancis.com/books/9781003491934
942 _cEBOOK
999 _c1732724
_d1732724